000
00269nam a2200121Ia 4500
008
191201s2007 xx 000 0 und d
100
_a
KHAN, M Y
245
0
_a
Indian Financial System
260
_a
N.Delhi
_b
TMH
_c
2007
300
_a
-
650
_a
MBA
942
_2
ddc
_c
BK
999
_c
2966
_d
2966